| 000 | 00814nam a2200217Ia 4500 | ||
|---|---|---|---|
| 003 | GCL | ||
| 008 | 140319s9999 xx 000 0 ara d | ||
| 040 |
_aGCL / _cGCL |
||
| 082 | 0 | 4 |
_a226.4 _bا ن |
| 100 | 1 | _aابى القاسم هبةالله ابى سلامه | |
| 245 | 1 | 0 |
_aالناسخ والمنسوخ / _cابى القاسم هبةالله ابى سلامه |
| 260 |
_a[S.N] : _bشركة مكتبة مصطفى البانى الحلبى ، _c1967 |
||
| 300 | _a110 ص | ||
| 490 |
_aالهيئة العامة للاستعلامات _v0 |
||
| 650 | 0 | 4 | _aالحديث |
| 650 | 0 | 4 | _aالحاسبات الالكترونية |
| 650 | 0 | 4 | _aالقران - الناسخ والمنسوخ |
| 650 | 0 | 4 | _aالناسخ والمنسوخ |
| 650 | 0 | 4 | _aالحديث - الناسخ والمنسوخ |
| 942 |
_2ddc _cBK |
||
| 999 |
_c52826 _d52826 |
||